Statistics for Heaviest Youtube Watching Countries

Click here to take the quiz!

General Stats

  • This quiz has been taken 44 times
  • The average score is 9 of 10

Answer Stats

Regular Watchers(Millions)Answer% Correct
167.4USA
100%
30.3France
95%
46.8Japan
91%
35.6UK
91%
31.3Germany
89%
69.5Brazil
86%
41.2India
86%
47.4Russia
84%
29.4Mexico
82%
28.8Turkey
59%

Score Distribution

Percentile by Number Answered

Percent of People with Each Score

Your Score History

You have not taken this quiz